| 000 | 00522nas a2200169 a 4500 | ||
|---|---|---|---|
| 001 | 4158 | ||
| 003 | CDMR | ||
| 005 | 20131017112433.0 | ||
| 008 | 130130d19241927sp |||||||||||||||||spa|d | ||
| 040 |
_aCDMR _bcat _cCDMR |
||
| 110 | 2 |
_91188 _aFederación de la Prensa de España |
|
| 245 | 0 | 0 | _aBoletín de la Federación de la Prensa de España |
| 260 |
_aMadrid _aBarcelona _c1924-1927 _bFederación de la Prensa de España |
||
| 300 |
_aNúm. _b23 cm |
||
| 650 | 0 | 4 |
_93896 _aAssociacions professionals _vRevistes |
| 942 |
_cSER _2udc |
||
| 999 |
_c4158 _d4158 |
||